000 00611cam a22002053a 4500
001 44486
003 PGUSA
005 20140828084021.0
008 131222s2013||||xxu|||||s|||||000 | eng d
040 _aPGUSA
_beng
042 _adc
100 1 _aBenson, E. F.
_q(Edward Frederic),
_d1867-1940
245 1 0 _aDodo, Volumes 1 and 2 :
_bA Detail of the Day
_h[electronic resource] /
_cE. F. Benson
260 _bProject Gutenberg,
_c2013
506 _aPublic domain in the USA.
516 _aElectronic text
830 0 _aProject Gutenberg
_v44486
856 4 0 _uhttp://www.gutenberg.org/ebooks/44486
942 _cEB
999 _c273737
_d273737